Large Sacle Integration / (Record no. 182188)

000 -LEADER
fixed length control field 00573 a2200169 4500
003 - CONTROL NUMBER IDENTIFIER
control field Nust
005 - DATE AND TIME OF LATEST TRANSACTION
control field 20221129145256.0
040 ## - CATALOGING SOURCE
Transcribing agency Nust
082 ## - DEWEY DECIMAL CLASSIFICATION NUMBER
Classification number 621.3815,LAR
100 ## - MAIN ENTRY--PERSONAL NAME
Personal name Laurence Altman
9 (RLIN) 103788
245 ## - TITLE STATEMENT
Title Large Sacle Integration /
Statement of responsibility, etc. Laurence Altman
260 ## - PUBLICATION, DISTRIBUTION, ETC.
Place of publication, distribution, etc. London
Name of publisher, distributor, etc. Mc Graw-Hill
Date of publication, distribution, etc. 1976
300 ## - PHYSICAL DESCRIPTION
Extent 208p
505 ## - FORMATTED CONTENTS NOTE
Formatted contents note Bipolar LSI (Page-1), MOS LIS (Page-50), New Devices (Page-79), LSI System Design (Page-117), Computer-Aided Design (Page-153), Testing (Page-176), LSI Applications (Page-193).
650 ## - SUBJECT ADDED ENTRY--TOPICAL TERM
Topical term or geographic name entry element Digital Circuits
9 (RLIN) 57202
942 ## - ADDED ENTRY ELEMENTS (KOHA)
Source of classification or shelving scheme
Koha item type Book
Holdings
Withdrawn status Lost status Source of classification or shelving scheme Damaged status Not for loan Permanent Location Current Location Shelving location Date acquired Full call number Barcode Date last seen Price effective from Koha item type Public note
          Military College of Signals (MCS) Military College of Signals (MCS) General Stacks 12/12/2016 621.3815,LAR MCS20607 12/08/2016 12/12/2016 Book Almirah No.33, Shelf No.1
© 2023 Central Library, National University of Sciences and Technology. All Rights Reserved.